Wszystkie ulice w Białobrzegach - Statystyki

Ogólne statystyki
  • Ten quiz został rozwiązany 47 razy
  • Średni wynik to 16 z 71
Statystyki odpowiedzi
Ulica nr. % Poprawnych
Krakowska 30
72%
Kościelna 28
64%
Leśna 36
56%
Polna 51
56%
Szkolna 62
52%
11 Listopada 71
44%
Białobrzeska 6
44%
Krótka 31
44%
Rzeczna 56
40%
Adama Mickiewicza 1
36%
Akacjowa 2
36%
Piaskowa 47
36%
Polańska 50
36%
Rzemieślnicza 55
36%
Słoneczna 59
36%
Lawendowa 33
32%
Sportowa 61
32%
Targowa 65
32%
Wąska 69
32%
Armii krajowej 3
28%
Bautscha 5
28%
Łąkowa 39
28%
Marii Konopnickiej 41
28%
Sądowa 57
28%
Targowicka 66
28%
Tuwima 67
28%
Asnyka 4
24%
Bolesława Prusa 7
24%
Brzozowa 9
24%
Cicha 11
24%
Ogrodowa 46
24%
Sosnowa 60
24%
Władysława Reymonta 68
24%
Elizy Orzeszkowej 13
20%
Gajowa 15
20%
Henryka Sienkiewicza 17
20%
Jana Kochanowskiego 26
20%
Leśmiana 35
20%
Mikołaja Kopernika 43
20%
Poświętna 53
20%
Cegielniana 10
16%
Graniczna 16
16%
Iwaszkiewicza 19
16%
Jana Brzechwy 24
16%
Leśny zakątek 37
16%
Mikowska 42
16%
Piekarska 48
16%
Przemysłowa 54
16%
Świerkowa 63
16%
Dionizego Czachowskiego 12
12%
Herberta 18
12%
Jałowcowa 20
12%
Klonowa 29
12%
Krzysztofa Kamila Baczyńskiego 32
12%
Lipowa 38
12%
Modrzewiowa 45
12%
Fredry 14
8%
Kamińskiego 27
8%
Lazurowa 34
8%
Marii Dąbrowskiej 40
8%
Młynarska 44
8%
Piotra Skargi 49
8%
Tadeusza Kościuszki 64
8%
Żermoskiego 70
8%
Broniewskiego 8
4%
Jana i Jędrzeja Śniadeckich 22
4%
Janusza Kusocińskiego 23
4%
Jesionowa 21
4%
Składowa 58
4%
Janusza Słowackiego 25
0%
Połacka 52
0%
Nie znaleziono quizów pasujących do podanych kryteriów
Rozkład punktacji
Procent ludzi z każdym wynikiem
Percentyl według liczby udzielonych odpowiedzi
Twoja historia wyników
Nie rozwiązałeś tego quizu